1784 1816 1871 1933 1081 1279 1830 1212 1860 1430 1599 1815 1528 1196 1348 1841 1183 1436 1730 1097 1846 1414 1684 1199 1862 1542 1812 1283 1246 1613 1093 1726 1110 1331 1529 1651 1806 1049 1692 1034 1879 1014 1933 1031 1777 1772 1097 1148 1659 1047 1909 1563 1764 1204 1862 1008 1815 1432 1320 1925 1107 1969 1194 1412 1596 1040 1157 1219 1215 1376 1663 1819 1408 1224 1714 1826 1846 1026 1912 1893 1899 1012 1537 1977 1656 1830 1738 1797 1899 1874 1170 1434 1495 1056 1900 1914 1883 1854 1158 BCNSPRNW ULIB Ver.6.0+V

เปลี่ยนเป็นภาษาไทย

Change to English
 แสดงรายละเอียดบรรณานุกรม
  กลับหน้าหลัก

Brief Record : Get Marc (ISO 2709) : E-mail record : QR code < ปิดหน้าต่าง
LEADER : 00000nam 2200000uu 4500
001    13399115038
003     ULIB
008    120705s2554||||th 000 0 tha d
020    ^a786167102269
050  4 ^aBQ7640.S64^bซ911ป
100 1  ^aรินโปเช, โซเกียล
245 10 ^aประตูสู่สภาวะใหม่ :^bคำสอนธิเบตเพื่อเตรียมตัวตายและช่วยเหลือผู้ใกล้ตาย /^cโซเกียล รินโปเช ; พระไพศาล วิสาโล, แปล
250    ^aพิมพ์ครั้งที่ 5
260    ^aกรุงเทพฯ :^bมูลนิธิโกมลคีบทอง,^c2554
300    ^a388 หน้า ;^c21 ซม.
650  0 ^aBuddhism
650  0 ^aBuddhism^xDoctrines
650  0 ^aDharma (Buddhism)
650  7 ^aความตาย
650  7 ^aความตาย^xแง่ศาสนา^xพุทธศาสนา
650  7 ^aพุทธศาสนา^vธิเบต
700 0  ^aพระไพศาล วิสาโล
945    ^p220^l0^i032129
945    ^p220^l0^i032130
945    ^p220^l0^i032131
945    ^p220^l0^i032132
945    ^p220^l0^i032133
995    ^a เกษร
999    ^aใช้งานได้ทุกระบบ
รายการนี้ยังไม่มีแท็ก
คุณยังไม่ได้ล็อกอิน คุณสามารถมีกิจกรรมร่วมกับเว็บไซต์ได้ แต่ต้องล็อกอินก่อน ::
  ล็อกอิน

รายการสื่อสารสนเทศ

ลำดับที่ ประเภท เลขเรียก/บาร์โค้ด สถานที่ สถานะ
- ไม่พบข้อมูล -

รายการใกล้เคียง
    ผู้แต่ง [รินโปเช, โซเกียล]

    หัวเรื่อง [Buddhism]
    หัวเรื่อง [Dharma (Buddhism)]
    หัวเรื่อง [ความตาย]

BibComment


ยังไม่เคยถูกคอมเมนท์

คอมเมนท์ทรัพยากรรายการนี้
  คอมเมนท์: ประตูสู่สภาวะใหม..


 Copyright 2026. Bcnsprnw @Library